000 00722nam a22002297a 4500
007 00
008 160617b xxu||||| |||| 00| 0 eng d
020 _a2-7462-1106-8
040 _aBUAC
_cBUC
041 _aFre.
100 _aChaduc, Jean-Marc
245 _aLa gestion des fréquences
_c/ par Jean-Marc Chaduc
260 _aParis :
_bLavoisier,
_c2005
300 _a353 p.
_c24 cm.
_b ,
440 _a(Collection Technique et Scientifique des Télécommunications)
521 _a Sources et Bibliogr. pp. (337 - 340) ; Glossaire : pp. (341 - 349) ; Index : pp. (351 - 353)
630 _aSCIENCES APPLIQUEES
650 _aFréquence
650 _aGestion
700 _aFavennec, Pierre-Noöl
942 _cLBA
999 _c54620
_d54620